Tutte le poesie /

में बचाया:
ग्रंथसूची विवरण
मुख्य लेखक: Penna, Sandro (लेखक)
स्वरूप: पुस्तक
भाषा:इतालवी
प्रकाशित: Milano : Garzanti, 1979
संस्करण:2. ed
श्रृंखला:Opere di Sandro Penna
टैग: टैग जोड़ें
कोई टैग नहीं, इस रिकॉर्ड को टैग करने वाले पहले व्यक्ति बनें!

MARC

LEADER 00000nam a22000007i 4500
001 IT\ICCU\MIL\0514814
003 ItRI
005 20251009124736.0
008 010801s1979 it |||||| ||||| |||||c
040 |b ita  |c ct 
041 7 |a ita  |2 ISO-639-2 
100 1 |a Penna, Sandro  |0 IT\ICCU\CFIV\020965  |4 aut 
245 1 0 |a Tutte le poesie /  |c Sandro Penna. 
250 |a 2. ed 
260 |a Milano :  |b Garzanti,  |c 1979 
300 |a XII, 320 p. ;  |c 18 cm. 
830 0 |a Opere di Sandro Penna  |0 IT\ICCU\RAV\0092407 
942 |2 ddc  |c BK 
952 |0 0  |1 0  |2 ddc  |4 0  |6 B_LPS01PENSATUT21  |7 0  |9 7633  |a MI  |b MI  |d 2012-01-30  |i 6368  |l 0  |o B-LPS01-PENSA-TUT21  |p CDOM6368  |r 2025-07-13 16:28:00  |w 2025-07-13  |x DONO  |y BK 
981 1 |6 z01  |a i   |b xxxe  
982 1 |6 z01  |a n 
999 |c 6320  |d 6320